NFL Opening-Day Starting Quarterbacks 2021 - Statistics

General Stats
  • This quiz has been taken 15,393 times
  • The average score is 27 of 32
Answer Stats
Team Quarterback % Correct
Buccaneers Tom Brady
97%
Chiefs Patrick Mahomes
96%
Packers Aaron Rodgers
95%
Seahawks Russell Wilson
94%
Cowboys Dak Prescott
93%
Jets Zach Wilson
93%
Bills Josh Allen
92%
Ravens Lamar Jackson
92%
Rams Matthew Stafford
91%
Giants Daniel Jones
90%
Bengals Joe Burrow
90%
Patriots Mac Jones
90%
Falcons Matt Ryan
90%
Raiders Derek Carr
89%
49ers Jimmy Garoppolo
89%
Cardinals Kyler Murray
89%
Browns Baker Mayfield
88%
Lions Jared Goff
88%
Dolphins Tua Tagovailoa
88%
Steelers Ben Roethlisberger
86%
Chargers Justin Herbert
86%
Vikings Kirk Cousins
85%
Jaguars Trevor Lawrence
85%
Eagles Jalen Hurts
84%
Saints Jameis Winston
81%
Titans Ryan Tannehill
81%
Colts Carson Wentz
78%
Bears Andy Dalton
70%
Panthers Sam Darnold
69%
Broncos Teddy Bridgewater
64%
Washington Ryan Fitzpatrick
55%
Texans Tyrod Taylor
53%
No matching quizzes found
Score Distribution
Percent of People with Each Score
Percentile by Number Answered
Your Score History
You have not taken this quiz